| 000 | 01007nam a2200313 a 4500 | ||
|---|---|---|---|
| 001 | 35749 | ||
| 003 | BD-RjUL | ||
| 005 | 20211209052355.0 | ||
| 008 | 820514s1982 ilua b 001 0 eng | ||
| 020 | _a0256027382 | ||
| 035 | _a(BD-RjUL)35844 | ||
| 040 |
_aDLC _cDLC _dBD-RjUL _beng |
||
| 041 | _aeng | ||
| 082 | 0 | 0 |
_a320.3094 _219 _bDRM 1982 |
| 100 | 1 |
_aDragnich, Alex N. _9108843 |
|
| 245 | 1 | 0 |
_aMajor European governments / _cAlex N. Dragnich, Jorgen Rasmussen. |
| 250 | _a1982 . 6th ed. | ||
| 260 |
_aHomewood ; Ill. : _bDorsey Press, _c1982. |
||
| 300 |
_axii, 601 p. : _bill. ; _c24 cm. |
||
| 490 | 1 | _aThe Dorsey series in political science | |
| 504 | _aIncludes bibliographical references and index. | ||
| 650 | 0 |
_aComparative government. _9108887 |
|
| 651 | 0 |
_aEurope _xPolitics and government. _9108888 |
|
| 700 | 1 |
_aRasmussen, Jorgen Scott. _9108847 |
|
| 830 | 1 |
_aThe Dorsey series in political science _9108890 |
|
| 942 |
_2ddc _cBK |
||
| 999 |
_c35749 _d35749 |
||